| 000 | 00382nam a2200157Ia 4500 | ||
|---|---|---|---|
| 008 | 241228s9999 xx 000 0 und d | ||
| 020 | _a9781032372198 | 9781032542485 | ||
| 082 | _a579.6 SEM/W | ||
| 100 | _aSemwal, Kamal Ch. | ||
| 245 | 0 | _aWild mushrooms and health : | |
| 260 | _aBoca Raton, | ||
| 260 | _bCRC Press, | ||
| 260 | _c2024 | ||
| 300 | _axii, 300p. | ||
| 942 | _cBK | ||
| 999 |
_c40114 _d40114 |
||